MARC보기
LDR01229nmm c2200385 c 4500
001000000338994
00520251104112254
007cz zz
008250509s2025 ulk d a kor
020 ▼a 9791194831020(전자책) ▼g 05100
020 ▼a 9791192488585(종이책) ▼g 03100
040 ▼a 248032 ▼c 248032 ▼d 248032
0411 ▼a kor ▼h jpn
0490 ▼l EM36926
056 ▼a 600.1 ▼2 4
082 ▼a 701.17 ▼2 21
090 ▼a 600.1 ▼b 지42ㅅ
24500 ▼a 센스의 철학 ▼h [전자책] : ▼b 예술과 일상을 대하는 세련된 감각 / ▼d 지바 마사야 지음 ; ▼e 전경아 옮김
24619 ▼a センスの哲學
256 ▼a 전자 데이터
260 ▼a 서울 : ▼b 베가북스, ▼c 2025 : ▼f (YES24, ▼g 2025)
300 ▼a 전자책 1책 : ▼b 천연색
500 ▼a 원저자명: 千葉雅也
516 ▼a ePub
530 ▼a 책자형태로도 발행: ISBN 9791192488585
653 ▼a 예술 ▼a 미학 ▼a 센스
7001 ▼a 지바 마사야, ▼d 1978-
7001 ▼a 전경아
7760 ▼t 센스의 철학, ▼z 9791192488585
85640 ▼u http://lib.kaya.ac.kr/relation/yes24
90011 ▼a 千葉雅也, ▼d 1978-
90011 ▼a 천엽아야, ▼d 1978-
90011 ▼a Chiba, Masaya, ▼d 1978-
9500 ▼b \25630
953 ▼a E-Book
990 ▼a 관리자